000 00548ntm a2200169 i 4500
001 181390
003 ES-MaACL
005 20230906221341.0
008 121227s1931 sp |||| | spa d
100 1 _aBiedma Carvajal, Amalia.
_9152010
245 1 3 _aLa familia griega [
_hManuscrito] /
_cAmalia Biedma Carvajal.
260 _a[S.l. :
_bs.n.,
_c1931]
300 _a2 h., 50 p., 17 h. de lám. ;
_c26 cm.
500 _aEjemplar mecanografiado.
651 4 _aGrecia-
_xUsos y costumbres.
_98786
852 _aES-MaACL
_jC-5638
_z.- Papel apergaminado
999 _c181390
_d181390